000 00918nam a2200241 i 4500
001 175079
003 ES-MaACL
005 20250813063336.0
008 101005s2009 sp a |||| | spa d
020 _a978-84-8102-552-1
080 _a821.134.2-22"18"
080 _a821.134.2-23"19"
100 1 _aCano, Leopoldo,
_d1844-1933
_9141206
245 1 3 _aLa opinión pública
_b: drama en tres actos y en verso /
_cLeopoldo Cano y Masas . Voz del pueblo : parodia del drama en tres actos "La opinión pública" / José de Fuentes y Conrado Solsona ; Gonzalo Capellán de Miguel, editor.
246 3 0 _aVoz del pueblo
260 _aSantander :
_bAcOPos,
_c2009.
300 _a158 p. :
_bil. ;
_c41 cm.
700 1 _aSolsona y Baselga, Conrado.
_9132808
700 1 _aFuentes, José de.
_9139998
700 1 _aCapellán de Miguel, Gonzalo.
_934825
852 _aES-MaACL
_jC-1059
999 _c175079
_d175079